National Health Programmes and Policies (Record no. 252111)

MARC details
000 -LEADER
fixed length control field 00351pam a2200133a 44500
008 - FIXED-LENGTH DATA ELEMENTS--GENERAL INFORMATION
fixed length control field 230405s2018 xxu||||| |||| 00| 0 eng d
020 ## - INTERNATIONAL STANDARD BOOK NUMBER
International Standard Book Number 9789386310439
Terms of availability Rs. 650/-
082 ## - DEWEY DECIMAL CLASSIFICATION NUMBER
Classification number 610.73
Item number SON
100 ## - MAIN ENTRY--PERSONAL NAME
Personal name Soni, Samta
245 ## - TITLE STATEMENT
Title National Health Programmes and Policies
260 ## - PUBLICATION, DISTRIBUTION, ETC.
Place of publication, distribution, etc. New Delhi
Name of publisher, distributor, etc. CBS Pub.
Date of publication, distribution, etc. 2018
300 ## - PHYSICAL DESCRIPTION
Extent 571 p.
906 ## - LOCAL DATA ELEMENT F, LDF (RLIN)
a 003880

No items available.